000 00407nam a22001697a 4500
005 20180209122323.0
008 160620b xxu||||| |||| 00| 0 eng d
020 _a007-124476-X
041 _aeng
082 _b8471
_a005.74
100 _aSilberschatz, Abraham and others
_92308
245 _aDatabase System Concepts
260 _bTMH
_c2006
300 _a1100
650 _aManagement
_9241
942 _cBK
999 _c3241
_d3240